000 00187 a2200097 4500
020 _a9781558854277
041 _aeng
100 _aCapetillo, luisa
245 2 _aA nation of women
942 _cBK
999 _c225
_d225